|
|
|
|
| LEADER |
01379nam a2200313 a 4500 |
| 001 |
GR-Patra12883 |
| 008 |
000614s1998 gr e 000 0 gre d |
| 040 |
|
|
|a GrPaTEI
|b gre
|c GR-PaULI
|
| 040 |
|
|
|a GrPaTEI
|b gre
|c GR-PaULI
|
| 245 |
0 |
2 |
|a Ο ρόλος του νοσηλευτή στη καρδιακή ανακοπή /
|c σπουδάστρια Πέττα Ζωή ; υπεύθυνος καθηγητής: προϊστάμενος Dr Κούνης Νικόλαος.
|
| 260 |
|
|
|a Πάτρα :
|b ΤΕΙ Πάτρας,
|c 1998
|
| 300 |
|
|
|a 113σ.
|
| 504 |
|
|
|a Βιβλιογραφία: σ.112-113
|
| 650 |
|
4 |
|a ΑΝΑΚΟΠΗ
|
| 650 |
|
4 |
|a ΔΙΑΓΝΩΣΗ
|
| 650 |
|
4 |
|a ΚΑΡΔΙΑ
|
| 650 |
|
4 |
|a ΚΛΙΝΙΚΗ ΕΙΚΟΝΑ
|
| 650 |
|
4 |
|a Νεογνά
|
| 650 |
|
4 |
|a ΝΟΣΗΛΕΥΤΙΚΗ ΠΑΡΕΜΒΑΣΗ
|
| 650 |
|
4 |
|a Πτυχιακή εργασία
|
| 700 |
1 |
|
|a Κούνης, Νικόλαος
|
| 700 |
1 |
|
|a Πέττα, Ζωή
|
| 710 |
0 |
|
|a Σ.Ε.Υ.Π..
|b Τμήμα Νοσηλευτικής
|
| 710 |
0 |
|
|a Τ.Ε.Ι. Πάτρας
|
| 856 |
4 |
0 |
|u https://nereus.library.upatras.gr/formerpat/ptyxiakes/seyp/seyp_nos/1996-2000/2659pe.pdf
|
| 942 |
|
|
|2 ddc
|
| 952 |
|
|
|0 0
|1 0
|2 ddc
|4 0
|7 1
|9 292230
|a LISK
|b LISK
|c BSC
|d 2021-01-17
|e 24
|f 0
|g 0.00
|l 0
|p 9241002659
|r 2021-01-17 00:00:00
|t 1
|w 2021-01-17
|y BKN
|x 20000615 0 0
|x GrPaTEI
|
| 971 |
|
|
|a .b26603986
|b 16-04-20
|c 23-09-16
|
| 999 |
|
|
|c 170745
|d 170745
|